Historia de las instituciones argentinas (Registro nro. 3441)

Detalles MARC
000 -LEADER
fixed length control field 01341 a2200217 4500
001 - CONTROL NUMBER
control field 41230
005 - DATE AND TIME OF LATEST TRANSACTION
control field 20260407155706.0
008 - FIXED-LENGTH DATA ELEMENTS--GENERAL INFORMATION
fixed length control field 260407a1985 arg spa d
003 - CONTROL NUMBER IDENTIFIER
control field AR-UNSa-BCEJYS
040 ## - CATALOGING SOURCE
Original cataloging agency AR-UNSa-BCEJYS
Language of cataloging spa
Transcribing agency AR-UNSa-BCEJYS
080 ## - UNIVERSAL DECIMAL CLASSIFICATION NUMBER
Universal Decimal Classification number 94(82)
Common auxiliary subdivision Historia de Argentina
020 ## - INTERNATIONAL STANDARD BOOK NUMBER
International Standard Book Number 950-14-1404-3
041 ## - LANGUAGE CODE
Language code of text/sound track or separate title spa
100 1# - MAIN ENTRY--PERSONAL NAME
Personal name Bravo, Omar A.
245 10 - TITLE STATEMENT
Title Historia de las instituciones argentinas
264 #1 - PRODUCTION, PUBLICATION, DISTRIBUTION, MANUFACTURE, AND COPYRIGHT NOTICE
Place of production, publication, distribution, manufacture Buenos Aires :
Name of producer, publisher, distributor, manufacturer Depalma
Date of production, publication, distribution, manufacture, or copyright notice 1985
300 ## - PHYSICAL DESCRIPTION
Extent 279 p.
Dimensions 23 cm.
505 ## - FORMATTED CONTENTS NOTE
Formatted contents note 1. El poder constituyente, concepto, finalidad, etapas y límites - 2. Autoridades e instituciones españolas. La verdadera influencia hispánica - 3. La idea de la independencia y las fuerzas para su consumación - 4. La revolución de Mayo - 5. Primeros ensayos de organización institucional - 6. La asamblea del año XIII. Proyectos de constitución. Los diputados orientales - 7. Federalismo y republicanismo.Unitarismo y tendencia monarquizante. 8. El régimen de los pactos. El congreso nacional de 1824-1827 - 9. Los pactos interprovinciales de 1829 a 1831, López, Quiroga y Rosas - 10. La generación de 1837 - 11. El proceso de la organización nacional - 12. La unión nacional - 13. Organización institucional después de Caseros - 20. El siglo XX -
590 ## - LOCAL NOTE (RLIN)
Local note niveau_biblio:m niveau_hierar:0
942 ## - ADDED ENTRY ELEMENTS (KOHA)
Koha item type
Existencias
Withdrawn status Lost status Damaged status Not for loan Home library Current library Shelving location Date acquired Total checkouts Full call number Barcode Date last seen Price effective from Koha item type
        Biblioteca Prof. Eusebio Cleto del Rey Biblioteca Prof. Eusebio Cleto del Rey   07/04/2026   94(82) B826 L53464 07/04/2026 07/04/2026 Libro
        Biblioteca Prof. Eusebio Cleto del Rey Biblioteca Prof. Eusebio Cleto del Rey   07/04/2026   94(82) B826 L45337 07/04/2026 07/04/2026 Libro
        Biblioteca Prof. Eusebio Cleto del Rey Biblioteca Prof. Eusebio Cleto del Rey   07/04/2026   94(82) B826 L45336 07/04/2026 07/04/2026 Libro